01530naa a22003497a 4500001001000000003000900010005001700019007000300036008003400039040005400073041000900127072002600136090001800162100002500180100002100205100001900226111008500245245018300330260003900513500014500552650001000697650002300707650003200730650002300762650002500785650001000810773014200820909003600962942001400998999001901012952014901031BR8205919BR-BrBNA20240918175203.0ta230509b bl.||||| |||| 00| 0 por d aBR-BrBNAbporcBiblioteca Nacional de Agricultura a(Pt) aH20b0180b4120bG514 aH20 BR82059191 aDuca, L. de J.A. del1 aSousa, C.N.A. de1 aScheeren, P.L.1 a12. Reuniao Nacional de Pesquisa de TrigocCascavel, PR (Brazil)d19-23 Jul 19821 aComportamento dos trigos de inverno em Passo Fundo no anos de 1980 e 1981 [Triticum spp., ferrugem do colmo, ferrugem alaranjada, variedade resistente, Rio Grande do Sul, Brasil]3 aPasso Fundo, RS (Brasil): c1982.  aResultados de pesquisa apresentados na 12. Reuniao Nacional de Pesquisa de Trigo Passo Fundo, RS (Brasil): 1982. p. 44-57 (BR8205919-AM)H20  aTRIGO aCULTURA DE INVERNO aCARACTERISTICAS AGRONOMICAS aCRUZAMENTO VEGETAL aVARIEDADE RESISTENTE aFUNGO0 tResultados de pesquisa apresentados na 12. Reuniao Nacional de Pesquisa de TrigowH20 BR8205919gPasso Fundo, RS (Brasil), 1982. p. 44-57 a202404bLuciac55dLucia Elande cAM2AGRIS c315472d315472 002AGRIS40708Acervo Gerala41918b41918cAgrobasel0o0180 BR8205916r2024-05-20t01yAM10d2024-04-11ePortaria Interministerial nÂș 164/94